000 00328nam a2200133Ia 4500
005 20260328101511.0
008 260328s9999||||xx |||||||||||||| ||und||
100 _aGeddes, Patrick
245 0 _aCiudades en Evolución /
_cPatrick Geddes
260 _bEdiciones Infinito
300 _a301 p.
650 _aURBANISMO
942 _cBK
999 _c9217
_d9217